000 00883nas a2200277 4500
001 BR9209530
003 BR-BrBNA
005 20231205093304.0
007 ta
008 230509b bl.|||p| |||| 00| 00por d
040 _aBR-BrBNA
_bpor
_cBiblioteca Nacional de Agricultura
041 _a(Pt)
072 _aF40
100 1 _aPagano, S.N.
100 1 _aCesar, O.
100 1 _aLeitao Filho, H. de F.
245 1 _aEstrutura fitossociologica do estrato arbustivo-arboreo da vegetacao de cerrado da area de protecao ambiental (APA)de Corumbatai - Estado de Sao Paulo
650 _aCERRADO
650 _aFLORA
650 _aTAXONOMIA VEGETAL
650 _aECOLOGIA
650 _aSAO PAULO
773 0 _tRevista Brasileira de Biologia (Brazil)
_xISSN 0034-7108
_g(Feb 1989), v. 49(1) p. 49-59
_wBR9209530
909 _a202311
_bLúcia
_c55
_dLúcia Elande
942 _2AGRIS
_n0
_cANA
999 _c137322
_d137322